[Event "Plzen Calliditas op"]
[Site "Plzen"]
[Date "2023.08.23"]
[Round "6"]
[White "Krivka, Lukas"]
[Black "Stepanek, Vit"]
[Result "1-0"]
[WhiteElo "1380"]
[BlackElo "1564"]
[PlyCount "71"]
[EventDate "2023.08.19"]
[EventType "swiss"]
[EventRounds "9"]
[EventCountry "CZE"]
[SourceTitle "EXT 2024"]
[Source "ChessBase"]
[SourceDate "2023.10.10"]
[SourceVersion "1"]
[SourceVersionDate "2023.10.10"]
[SourceQuality "1"]

1. d4 Nf6 2. Bf4 d6 3. e3 Bf5 4. Bd3 Bxd3 5. Qxd3 Nbd7 6. Nf3 c5 7. c4 Qb6 8. b3 g6 9. Nc3 Bg7 10. 0-0 0-0 11. Rfd1 Rac8 12. Rac1 cxd4 13. exd4 Ng4 14. Nd5 Qd8 15. h3 Nh6 16. Qd2 Nf5 17. Ne3 Nxe3 18. Bxe3 e6 19. d5 e5 20. Bh6 Nc5 21. Bxg7 Kxg7 22. Ne1 Qh4 23. Nd3 Ne4 24. Qe3 b6 25. g3 Nxg3 26. Qxg3 Qd4 27. Qe3 Qh4 28. Qg3 Qd4 29. Nb4 Qb2 30. Rc2 Qa3 31. Nc6 Rc7 32. Nxe5 Re7 33. Nc6 Re4 34. Qc3+ Kg8 35. Re1 Rh4 36. Ne7# 1-0

[Event "Plzen Calliditas op"]
[Site "Plzen"]
[Date "2023.08.21"]
[Round "3"]
[White "Stepanek, Vit"]
[Black "Seterle, Matej"]
[Result "0-1"]
[WhiteElo "1564"]
[BlackElo "1890"]
[PlyCount "52"]
[EventDate "2023.08.19"]
[EventType "swiss"]
[EventRounds "9"]
[EventCountry "CZE"]
[SourceTitle "EXT 2024"]
[Source "ChessBase"]
[SourceDate "2023.10.10"]
[SourceVersion "1"]
[SourceVersionDate "2023.10.10"]
[SourceQuality "1"]

1. d4 d6 2. Bf4 c6 3. e3 Nf6 4. Nf3 Bg4 5. Nbd2 Nbd7 6. c3 e5 7. Bg5 h6 8. Bxf6 Qxf6 9. Be2 Be7 10. h3 Bf5 11. Nb3 Qg6 12. Rg1 a5 13. dxe5 dxe5 14. Rc1 0-0 15. g4 Be6 16. Nbd2 e4 17. Nd4 Bh4 18. Qc2 Nc5 19. Nxe6 fxe6 20. Rf1 Rf6 21. Nc4 Raf8 22. b4 Nd3+ 23. Bxd3 exd3 24. Qd2 Qe4 25. Nd6 Bxf2+ 26. Kd1 Qf3+ 0-1

[Event "Pilsen Region-chT 2223"]
[Site "Czech Republic"]
[Date "2023.01.15"]
[Round "6.7"]
[White "Cerny, Vaclav"]
[Black "Stepanek, Vit"]
[Result "1/2-1/2"]
[WhiteElo "1990"]
[BlackElo "1550"]
[PlyCount "74"]
[EventDate "2022.10.09"]
[EventType "team-tourn"]
[EventRounds "11"]
[EventCountry "CZE"]
[SourceTitle "EXT 2024"]
[Source "ChessBase"]
[SourceDate "2023.10.10"]
[SourceVersion "1"]
[SourceVersionDate "2023.10.10"]
[SourceQuality "1"]
[WhiteTeam "Domazlice"]
[BlackTeam "Plzen Kosutka"]
[WhiteTeamCountry "CZE"]
[BlackTeamCountry "CZE"]

1. e4 c6 2. Nf3 d5 3. Nc3 Bg4 4. d4 e6 5. Bd3 dxe4 6. Nxe4 Nd7 7. 0-0 Ngf6 8. c3 Nxe4 9. Bxe4 Nf6 10. Bc2 Qc7 11. h3 Bh5 12. Re1 Bd6 13. Qd3 0-0-0 14. b4 h6 15. Ne5 Bxe5 16. Rxe5 Qxe5 17. dxe5 Rxd3 18. Bxd3 Nd5 19. Bb2 Rd8 20. Bf1 Nf4 21. Re1 Nd3 22. Bxd3 Rxd3 23. a4 Rd2 24. Bc1 Rc2 25. Be3 b6 26. a5 bxa5 27. bxa5 Ra2 28. Bxa7 Rxa5 29. Bd4 Rd5 30. f4 g5 31. g3 Bf3 32. Kf2 g4 33. hxg4 Bxg4 34. Rh1 h5 35. Rc1 Kb7 36. Rb1+ Rb5 37. Rxb5+ cxb5 1/2-1/2

[Event "Pilsen Region-chT 2223"]
[Site "Czech Republic"]
[Date "2022.10.30"]
[Round "2.8"]
[White "Stepanek, Vit"]
[Black "Cekan, Petr1111"]
[Result "0-1"]
[WhiteElo "1550"]
[BlackElo "1926"]
[PlyCount "98"]
[EventDate "2022.10.09"]
[EventType "team-tourn"]
[EventRounds "11"]
[EventCountry "CZE"]
[SourceTitle "EXT 2024"]
[Source "ChessBase"]
[SourceDate "2023.10.10"]
[SourceVersion "1"]
[SourceVersionDate "2023.10.10"]
[SourceQuality "1"]
[WhiteTeam "Plzen Kosutka"]
[BlackTeam "Dvorec"]
[WhiteTeamCountry "CZE"]
[BlackTeamCountry "CZE"]

1. d4 Nf6 2. Bf4 d6 3. e3 c6 4. Nf3 g6 5. Nbd2 Bg7 6. c3 Nbd7 7. Bc4 0-0 8. 0-0 h6 9. Qc2 Kh8 10. e4 Nh5 11. Be3 Nb6 12. Bb3 d5 13. e5 Bf5 14. Qd1 Bd3 15. Re1 f5 16. Nh4 f4 17. Ndf3 Be4 18. Bc1 Qe8 19. Nd2 g5 20. Nhf3 Bf5 21. Bc2 Qg6 22. Bxf5 Qxf5 23. e6 Qg6 24. Ne5 Bxe5 25. Rxe5 Ng7 26. Qg4 Rf6 27. Nb3 Nc4 28. Re1 Rxe6 29. Rxe6 Qxe6 30. Qd1 b6 31. Nd2 Nxd2 32. Bxd2 Qf5 33. Qe1 Re8 34. b3 e5 35. dxe5 Rxe5 36. Qc1 Qd3 37. c4 d4 38. h3 Re2 39. Be1 Qe4 40. Kf1 Nf5 41. f3 Qd3 42. Kg1 Qe3+ 43. Qxe3 Nxe3 44. Bf2 Kg7 45. Bxe3 fxe3 46. a3 d3 47. Rd1 Rb2 48. Rxd3 Rb1+ 49. Kh2 e2 0-1

[Event "Plzen Calliditas op"]
[Site "Plzen"]
[Date "2020.08.30"]
[Round "9"]
[White "Fakan, Petr"]
[Black "Stepanek, Vit"]
[Result "0-1"]
[WhiteElo "1360"]
[BlackElo "1539"]
[PlyCount "44"]
[EventDate "2020.08.23"]
[EventType "swiss"]
[EventRounds "9"]
[EventCountry "CZE"]
[SourceTitle "CBM 198 Extra"]
[Source "ChessBase"]
[SourceDate "2020.11.30"]
[SourceVersion "1"]
[SourceVersionDate "2020.11.30"]
[SourceQuality "1"]

1. e4 c6 2. c4 e6 3. Nc3 d5 4. d4 Bb4 5. cxd5 exd5 6. e5 Bf5 7. Qb3 Bxc3+ 8. bxc3 Qc7 9. Nf3 Nd7 10. Ba3 Nb6 11. Be2 Ne7 12. 0-0 0-0 13. Bd6 Qd7 14. Nh4 Be6 15. f4 Rfe8 16. Bxe7 Qxe7 17. g3 Nc4 18. f5 Nd2 19. Qd1 Nxf1 20. Qxf1 Bd7 21. f6 gxf6 22. exf6 Qxe2 0-1

[Event "Plzen Calliditas op"]
[Site "Plzen"]
[Date "2020.08.25"]
[Round "4"]
[White "Kratochvilova, Magdalena"]
[Black "Stepanek, Vit"]
[Result "1/2-1/2"]
[WhiteElo "1580"]
[BlackElo "1539"]
[PlyCount "70"]
[EventDate "2020.08.23"]
[EventType "swiss"]
[EventRounds "9"]
[EventCountry "CZE"]
[SourceTitle "CBM 198 Extra"]
[Source "ChessBase"]
[SourceDate "2020.11.30"]
[SourceVersion "1"]
[SourceVersionDate "2020.11.30"]
[SourceQuality "1"]

1. e4 c6 2. d4 d5 3. exd5 cxd5 4. Nf3 Nf6 5. c4 Nc6 6. Nc3 Bg4 7. cxd5 Nxd5 8. Be2 e6 9. 0-0 Be7 10. a3 0-0 11. h3 Bh5 12. Be3 Rc8 13. Rc1 Bf6 14. Ne4 Bg6 15. Nxf6+ Nxf6 16. Bg5 Qe7 17. b4 Rfd8 18. Be3 a6 19. Qa4 Bh5 20. g4 Bg6 21. Bxa6 bxa6 22. Qxa6 Be4 23. Ne5 Na7 24. b5 Rxc1 25. Rxc1 Nxb5 26. Qxb5 Qxa3 27. Qb6 Rf8 28. Nc4 Qd3 29. Ne5 Qe2 30. Qb3 Nd5 31. Qc4 Qb2 32. Qf1 Nxe3 33. fxe3 Qd2 34. Nc4 Qa2 35. Nd6 Bg6 1/2-1/2

[Event "Plzen Calliditas op"]
[Site "Plzen"]
[Date "2020.08.25"]
[Round "3"]
[White "Stepanek, Vit"]
[Black "Novotny, Jaromir"]
[Result "1/2-1/2"]
[WhiteElo "1539"]
[BlackElo "1737"]
[PlyCount "82"]
[EventDate "2020.08.23"]
[EventType "swiss"]
[EventRounds "9"]
[EventCountry "CZE"]
[SourceTitle "CBM 198 Extra"]
[Source "ChessBase"]
[SourceDate "2020.11.30"]
[SourceVersion "1"]
[SourceVersionDate "2020.11.30"]
[SourceQuality "1"]

1. e4 c5 2. c3 d6 3. d4 cxd4 4. cxd4 Nf6 5. Nc3 g6 6. Nf3 Bg7 7. h3 0-0 8. Be3 Qa5 9. Qd2 Re8 10. Bc4 e6 11. 0-0 Nbd7 12. Nb5 Qd8 13. Nxd6 Nb6 14. Nxe8 Nxc4 15. Nxf6+ Bxf6 16. Qe2 Nb6 17. e5 Bg7 18. Rac1 Bd7 19. Rc2 Bc6 20. Nd2 Qd5 21. f3 Bb5 22. Qd1 Bxf1 23. Kxf1 Qxa2 24. b3 Qa6+ 25. Kg1 Qd3 26. Bf2 Bh6 27. Rb2 Rc8 28. Qe1 Bxd2 29. Qxd2 Qxd2 30. Rxd2 Nd5 31. Ra2 a6 32. Be1 Rc1 33. Kf2 Rd1 34. Rd2 Rb1 35. Rd3 Rb2+ 36. Kg3 Rxg2+ 37. Kxg2 Nf4+ 38. Kg3 Nxd3 39. Bd2 b6 40. f4 a5 41. Kf3 Kf8 1/2-1/2